Poznámka o stavbe vety a súvetia

Bibliographic Details
Main Author: Findra, Ján, 1934-2019 (Author)
Format: Article
Language:Slovak
ISSN:1335-7883
Subjects:

MARC

LEADER 00000nab a2200000 ar4500
001 vtls009948170
003 SK-MaSNL
005 20260303190608.0
008 090908c2009 xo sr|p|||||||000 b|slo
015 |a SNBRB2009/09 
038 |a SNKBUCL 
040 |a SNKBUCL  |b slo  |c SNKBUCL  |e AACR2 
041 0 |a slo 
044 |a xo  |c SK 
080 |a 811.162.4  |2 2001 
080 |a 81'367.3  |2 2001 
080 |a 81'36  |2 2001 
100 1 |a Findra, Ján,  |d 1934-2019  |4 aut  |9 187447 
245 1 0 |a Poznámka o stavbe vety a súvetia  |c Ján Findra 
650 0 7 |a slovenčina  |2 snkbucl  |9 1350 
650 0 7 |a syntax  |2 snkbucl  |9 1352 
650 0 7 |a veta  |2 snkbucl  |9 28897 
650 0 7 |a súvetia  |2 snkbucl  |9 73075 
650 0 7 |a stavba  |2 snkbucl  |9 315968 
773 0 |t Verejná správa  |g Roč. 64, č. 18 (2009), s. 20  |x 1335-7883 
852 |a SNK  |b KIS3GCP 
999 |c 2137097  |d 2139027